Symposium on deformation of metals as related to forming and service. (Record no. 545275)

000 -LEADER
fixed length control field 00804cam a22001811 4500
082 ## - DEWEY DECIMAL CLASSIFICATION NUMBER
Classification number 620.11
Author Mark AME
-- L-36, P-35
110 2# - MAIN ENTRY--CORPORATE NAME
Corporate name or jurisdiction name as entry element American Society for Testing Materials.
9 (RLIN) 25223
245 10 - TITLE STATEMENT
Title Symposium on deformation of metals as related to forming and service.
Statement of responsibility, etc. Presented at the fifty-first annual meeting, American Society for Testing Materials, Detroit, Mich., June 22, 1948.
260 ## - PUBLICATION, DISTRIBUTION, ETC.
Place of publication, distribution, etc. Philadelphia
Date of publication, distribution, etc. [c1949]
300 ## - PHYSICAL DESCRIPTION
Extent 117 p.
Other physical details illus.
Dimensions 23 cm.
490 1# - SERIES STATEMENT
Series statement Its Special technical publication
500 ## - GENERAL NOTE
General note "The symposium was sponsored by the Administrative Committee on Simulated Service Testing."
526 ## - STUDY PROGRAM INFORMATION NOTE
Program name 0
Interest level 0
Reading level 0
Title point value 620_110000000000000_AME
650 #0 - SUBJECT ADDED ENTRY--TOPICAL TERM
Topical term or geographic name entry element Deformations (Mechanics)
9 (RLIN) 19042
650 #0 - SUBJECT ADDED ENTRY--TOPICAL TERM
Topical term or geographic name entry element Metals
General subdivision Testing.
9 (RLIN) 40778
650 #0 - SUBJECT ADDED ENTRY--TOPICAL TERM
Topical term or geographic name entry element Strains and stresses.
9 (RLIN) 28238
942 ## - ADDED ENTRY ELEMENTS (KOHA)
Source of classification or shelving scheme
Koha item type Book
Holdings
Withdrawn status Lost status Source of classification or shelving scheme Damaged status Not for loan Permanent Location Current Location Date acquired Total Checkouts Full call number Barcode Date last seen Price effective from Koha item type
          Military College of Engineering (MCE) Military College of Engineering (MCE) 05/20/2014   620.11 AME MCE-30837 05/20/2014 05/20/2014 Book
© 2023 Central Library, National University of Sciences and Technology. All Rights Reserved.